Gaming Quiz

Random Gaming or Pokémon Quiz
Score 0/139 Timer 15:00
0 Plays Today
Pokédex # Pokémon Name % Correct
560Scrafty
100%
654Braixen
100%
662Fletchinder
100%
892Urshifu (Single Strike Style)
100%
892Urshifu (Rapid Strike Style)
100%
502Dewott
96.2%
499Pignite
96.2%
496Servine
96.2%
516Simipour
96.2%
514Simisear
96.2%
512Simisage
96.2%
544Whirlipede
96.2%
552Krokorok
96.2%
558Crustle
96.2%
575Gothorita
96.2%
600Klang
96.2%
598Ferrothorn
96.2%
628Braviary
96.2%
623Golurk
96.2%
637Volcarona
96.2%
657Frogadier
96.2%
651Quilladin
96.2%
660Diggersby
96.2%
711Gourgeist
96.2%
729Brionne
96.2%
726Torracat
96.2%
723Dartrix
96.2%
783Hakamo-o
96.2%
790Cosmoem
96.2%
505Watchog
92.3%
520Tranquill
92.3%
530Excadrill
92.3%
547Whimsicott
92.3%
567Archeops
92.3%
565Carracosta
92.3%
589Escavalier
92.3%
591Amoonguss
92.3%
603Eelektrik
92.3%
608Lampent
92.3%
614Beartic
92.3%
634Zweilous
92.3%
630Mandibuzz
92.3%
665Spewpa
92.3%
680Doublade
92.3%
685Slurpuff
92.3%
683Aromatisse
92.3%
709Trevenant
92.3%
Pokédex # Pokémon Name % Correct
732Trumbeak
92.3%
758Salazzle
92.3%
804Naganadel
92.3%
842Appletun
92.3%
841Flapple
92.3%
849Toxtricity
92.3%
873Frosmoth
92.3%
510Liepard
88.5%
507Herdier
88.5%
523Zebstrika
88.5%
518Musharna
88.5%
528Swoobat
88.5%
525Boldore
88.5%
541Swadloon
88.5%
536Palpitoad
88.5%
533Gurdurr
88.5%
555Galarian Darmanitan
88.5%
555Darmanitan
88.5%
563Cofagrigus
88.5%
571Zoroark
88.5%
581Swanna
88.5%
583Vanillish
88.5%
596Galvantula
88.5%
593Jellicent
88.5%
611Fraxure
88.5%
617Accelgor
88.5%
625Bisharp
88.5%
670Floette
88.5%
668Pyroar
88.5%
675Pangoro
88.5%
687Malamar
88.5%
699Aurorus
88.5%
713Avalugg
88.5%
737Charjabug
88.5%
743Ribombee
88.5%
768Golisopod
88.5%
760Bewear
88.5%
770Palossand
88.5%
817Drizzile
88.5%
814Raboot
88.5%
811Thwackey
88.5%
825Dottler
88.5%
822Corvisquire
88.5%
834Drednaw
88.5%
836Boltund
88.5%
851Centiskorch
88.5%
855Polteageist
88.5%
Pokédex # Pokémon Name % Correct
549Lilligant
84.6%
867Runerigus
84.6%
569Garbodor
84.6%
586Sawsbuck
84.6%
606Beheeyem
84.6%
673Gogoat
84.6%
691Dragalge
84.6%
697Tyrantrum
84.6%
695Heliolisk
84.6%
705Sliggoo
84.6%
735Gumshoos
84.6%
745Lycanroc
84.6%
740Crabominable
84.6%
752Araquanid
84.6%
750Mudsdale
84.6%
748Toxapex
84.6%
756Shiinotic
84.6%
762Steenee
84.6%
809Melmetal
84.6%
820Greedent
84.6%
838Carkol
84.6%
847Barraskewda
84.6%
869Alcremie
84.6%
864Cursola
84.6%
860Morgrem
84.6%
857Hattrem
84.6%
700Sylveon
80.8%
578Duosion
80.8%
620Mienshao
80.8%
678Meowstic
80.8%
689Barbaracle
80.8%
715Noivern
80.8%
828Thievul
80.8%
832Dubwool
80.8%
830Eldegoss
80.8%
879Copperajah
80.8%
853Grapploct
80.8%
886Drakloak
80.8%
863Perrserker
76.9%
573Cinccino
76.9%
693Clawitzer
76.9%
754Lurantis
76.9%
844Sandaconda
76.9%
773Silvally
69.2%
865Sirfetch'd
69.2%
Come Together.
Have Fun.
All Virtual.
We all need to come together. Play Sporcle's virtual live trivia to have fun, connect with people, and get your trivia on. Join a live hosted trivia game for your favorite pub trivia experience done virtually. If a virtual private party is more your thing, go here for details.

You're not logged in!

Compare scores with friends on all Sporcle quizzes.
OR
Log In

Sporcle TV

Today on Sporcle TV


Watch our educational content, quiz creation guides, and fun videos on Sporcle TV.

Show Comments

Extras

Created Feb 7, 2020ReportNominate
Tags:Pokémon Quiz

Top Quizzes Today


Score Distribution

Paid Content

Your Account Isn't Verified!

In order to create a playlist on Sporcle, you need to verify the email address you used during registration. Go to your Sporcle Settings to finish the process.

Report this User

Report this user for behavior that violates our Community Guidelines.

Details: